Statistiques concernant Rois d'Italie

Cliquez ici pour prendre le quiz!

Statistiques générales

  • Ce quiz a été pris 361 fois
  • Le résultat moyen est 21 sur 44

Statistiques - réponses

RègneDynastieMonarque% Correct
875-877CarolingiensCharles II
89%
876-888CarolingiensCharles III
89%
1355-1378Luxembourg/WittelsbachCharles IV
89%
1519-1558HabsbourgCharles V
89%
844-875CarolingiensLouis II
81%
900-902BosonidesLouis III
81%
1328-1347Luxembourg/WittelsbachLouis IV
81%
1861-1878Maison de SavoieVictor-Emmanuel II
75%
1900-1946Maison de SavoieVictor-Emmanuel III
75%
1805-1814BonaparteNapoléon Ier
68%
1014-1024OttoniensHenri II
58%
1046-1056SaliensHenri III
58%
1084-1105SaliensHenri IV
58%
1111-1125SaliensHenri V
58%
1191-1197HohenstaufenHenri VI
58%
1312-1313Luxembourg/WittelsbachHenri VII
58%
951-973OttoniensOtton Ier
50%
973-983OttoniensOtton II
50%
996-1002OttoniensOtton III
50%
1209-1215WelfsOtton IV
50%
1155-1190HohenstaufenFrédéric Ier
49%
1215-1250HohenstaufenFrédéric II
49%
1452-1493HabsbourgFrédéric III
49%
817-855CarolingiensLothaire Ier
47%
947-950BosonidesLothaire II
47%
1133-1137SupplimbourgLothaire III
47%
787-810CarolingiensPépin
44%
1878-1900Maison de SavoieHumbert Ier
42%
1946-1946Maison de SavoieHumbert II
42%
1556-1564HabsbourgFerdinand Ier
41%
877-879CarolingiensCarloman
38%
1805-1814BeauharnaisEugène
38%
1508-1519HabsbourgMaximilien Ier
31%
925-947BosonidesHugues
24%
887-899CarolingiensArnulf
19%
813-817CarolingiensBernard
19%
1027-1039SaliensConrad II
18%
889-894WidonidesGuy
17%
892-898WidonidesLambert
17%
922-925WelfsRodolphe
17%
898-900/902 - 922UnrochidesBérenger Ier
16%
950-951IvréeBérenger II
16%
1433-1437Luxembourg/WittelsbachSigismond Ier
15%
1002-1004IvréeArduin d'Ivrée
9%

Distribution des résultats

Percentile par nombre de réponses

% des personnes avec chaque résultat

Votre développement - résultats

Vous n’avez pas pris ce quiz